Threat of entry and debt maturity: Evidence from airlines/ (Record no. 361286)
[ view plain ]
| 000 -LEADER | |
|---|---|
| fixed length control field | 00453nam a22001577a 4500 |
| 008 - FIXED-LENGTH DATA ELEMENTS--GENERAL INFORMATION | |
| fixed length control field | 190226b xxu||||| |||| 00| 0 eng d |
| 022 ## - INTERNATIONAL STANDARD SERIAL NUMBER | |
| International Standard Serial Number | 0304-405X |
| 245 ## - TITLE STATEMENT | |
| Title | Threat of entry and debt maturity: Evidence from airlines/ |
| Statement of responsibility, etc | Parise, Gianpaolo |
| 260 ## - PUBLICATION, DISTRIBUTION, ETC. (IMPRINT) | |
| Place of publication, distribution, etc | Amsterdam |
| Name of publisher, distributor, etc | ELSEVIER |
| Date of publication, distribution, etc | February 2018 |
| 300 ## - PHYSICAL DESCRIPTION | |
| Extent | Pages 226-247 |
| 690 ## - LOCAL SUBJECT ADDED ENTRY--TOPICAL TERM (OCLC, RLIN) | |
| Topical term or geographic name as entry element | Competition |
| 690 ## - LOCAL SUBJECT ADDED ENTRY--TOPICAL TERM (OCLC, RLIN) | |
| Topical term or geographic name as entry element | Debt maturity |
| 690 ## - LOCAL SUBJECT ADDED ENTRY--TOPICAL TERM (OCLC, RLIN) | |
| Topical term or geographic name as entry element | Roller risk |
| 690 ## - LOCAL SUBJECT ADDED ENTRY--TOPICAL TERM (OCLC, RLIN) | |
| Topical term or geographic name as entry element | Threat of entry |
| 942 ## - ADDED ENTRY ELEMENTS (KOHA) | |
| Source of classification or shelving scheme | Library of Congress Classification |
| Item type | Periodicals |
| Withdrawn status | Lost status | Source of classification or shelving scheme | Damaged status | Home library | Current library | Shelving location | Date acquired | Total Checkouts | Date last seen | Price effective from | Koha item type |
|---|---|---|---|---|---|---|---|---|---|---|---|
| Library of Congress Classification | College Library | College Library | Periodical Section | 02/26/2019 | 02/26/2019 | 02/26/2019 | Periodicals |